书目信息 |
| 题名: |
根据律
|
|
| 作者: | 海德格尔 著 ;张柯 译 | |
| 分册: | ||
| 出版信息: | 北京 商务印书馆 2016 |
|
| 页数: | 279页 | |
| 开本: | 23cm | |
| 丛书名: | 海德格尔文集 | |
| 单 册: | ||
| 中图分类: | B516.54 | |
| 科图分类: | ||
| 主题词: | ||
| 电子资源: | ||
| ISBN: | 978-7-100-12340-2 | |
| 000 | 01455nam0 22002891 450 | |
| 001 | 1754558074 | |
| 005 | 20170516112211.0 | |
| 010 | @a978-7-100-12340-2@b精装@dCNY68.00 | |
| 100 | @a20170216d2016 em y0chiy50 ea | |
| 101 | 1 | @achi@cger |
| 102 | @aCN@b110000 | |
| 105 | @ay z 000yy | |
| 106 | @ar | |
| 200 | 1 | @a根据律@9gen ju lv@f张柯译 |
| 210 | @a北京@c商务印书馆@d2016 | |
| 215 | @a279页@d23cm | |
| 225 | 2 | @a海德格尔文集@9hai de ge er wen ji@f孙周兴,王庆节主编 |
| 300 | @a国家社会科学基金重大项目成果 | |
| 305 | @a根据德国维多里奥·克劳斯特曼出版社1997年出版的《海德格尔全集》第10卷《根据律》(皮特拉·雅格编)译出 | |
| 330 | @a海德格尔在本书中对“根据律”问题的探讨是从存在者之真理和存在自身之真理这两个分别代表着过去和未来的向度来分别展开的。在前一向度中,从根据律的“严格表述”(一切存在着的东西,其充足根据都应被归置)出发,海德格尔解释了根据律何以成为近代哲学的决定性原理――根据律乃是严格的主体性原理。在后一向度中,基于对根据律之“通常表述”(没有什么“是”没有“根据”的)的重新阐释,海德格尔认为根据律规定着未来思想的任务,即要对存在与根据的共属性予以沉思,根据律乃存在之定律,它命名着存在自身之真理。 | |
| 461 | 0 | @12001 @a海德格尔文集 |
| 600 | 0 | @a海德格尔@9hai de ge er@c(Heidegger, Martin@f1889-1976)@x哲学思想 |
| 690 | @aB516.54@v5 | |
| 701 | 0 | @c(德)@a海德格尔@9hai de ge er@c(Heidegger, Martin@f1889~1976)@4著 |
| 702 | 0 | @a张柯@9zhang ke@4译 |
| 801 | 0 | @aCN@b百万庄@c20170513 |
| 905 | @b1006674-9@dB516.54@e165@f6 | |
| 根据律/张柯译.-北京:商务印书馆,2016 |
| 279页;23cm.-(海德格尔文集/孙周兴,王庆节主编) |
| 国家社会科学基金重大项目成果 |
| ISBN 978-7-100-12340-2(精装):CNY68.00 |
| 海德格尔在本书中对“根据律”问题的探讨是从存在者之真理和存在自身之真理这两个分别代表着过去和未来的向度来分别展开的。在前一向度中,从根据律的“严格表述”(一切存在着的东西,其充足根据都应被归置)出发,海德格尔解释了根据律何以成为近代哲学的决定性原理――根据律乃是严格的主体性原理。在后一向度中,基于对根据律之“通常表述”(没有什么“是”没有“根据”的)的重新阐释,海德格尔认为根据律规定着未来思想的任务,即要对存在与根据的共属性予以沉思,根据律乃存在之定律,它命名着存在自身之真理。 |
| ● |
| 相关链接 |
|
|
|
|
正题名:根据律
索取号:B516.54/165
 
预约/预借
| 序号 | 登录号 | 条形码 | 馆藏地/架位号 | 状态 | 备注 |
| 1 | 1006674 | 210066747 | 第一样本阅览室/ [索取号:B516.54/165] | 在馆 | |
| 2 | 1006675 | 210066756 | 教育系资料室/ [索取号:B516.54/165] | 在馆 | |
| 3 | 1006676 | 210066765 | 教育系资料室/ [索取号:B516.54/165] | 在馆 | |
| 4 | 1006677 | 210066774 | 教育系资料室/ [索取号:B516.54/165] | 在馆 | |
| 5 | 1006678 | 210066783 | 第一借阅区/ [索取号:B516.54/165] | 在馆 | |
| 6 | 1006679 | 210066792 | 第一借阅区/ [索取号:B516.54/165] | 在馆 |